Quick Pick: Multiple Royal Rumble Winners Quiz Stats

 Plays Quiz Updated Jan 27, 2019

     
Support Sporcle.
Go Orange.
Score 0/8 Timer 01:00
0 Plays Today
% Correct
John Cena
87%
Steve Austin
85.4%
Randy Orton
80.9%
Shawn Michaels
79.5%
Triple H
78.8%
Edge
76.8%
Hulk Hogan
74.7%
Batista
70.9%

Today's Daily Dose

From the Vault

10 Words, 20 Definitions IX

by DesertSpartan

Hopefully you don't find this quiz too ruff.
Remove Ads.
Support Sporcle.
Get the best of Sporcle when you Go Orange. This ad-free experience offers more features, more stats, and more fun while also helping to support Sporcle. Thank you for becoming a member.

Show Comments

Extras

Top Quizzes Today


Score Distribution

Your Account Isn't Verified!

In order to create a playlist on Sporcle, you need to verify the email address you used during registration. Go to your Sporcle Settings to finish the process.

Report this User

Report this user for behavior that violates our Community Guidelines.

Details: